|
|
|
|
| LEADER |
01300nam a22003257a 4500 |
| 001 |
36398 |
| 003 |
BD-DhAAL |
| 005 |
20211129104702.0 |
| 008 |
191020t2017 nyu 000 0 eng d |
| 999 |
|
|
|c 41626
|d 41626
|
| 020 |
|
|
|a 9781684220748
|
| 040 |
|
|
|a BD-DhAAL
|
| 082 |
0 |
0 |
|a 001.9
|2 19
|
| 100 |
1 |
|
|a Mackay, Charles,
|d 1814-1889.
|9 36166
|
| 240 |
1 |
0 |
|a Memoirs of extraordinary popular delusions and the madness of crowds
|
| 245 |
1 |
0 |
|a Extraordinary popular delusions :
|b selections from memoirs of extraordinary popular delusions and the madness of crowds /
|c Charles Mackay
|
| 260 |
|
|
|a Eastford, CT :
|b Martino Fine Books,
|c 2017.
|
| 300 |
|
|
|a vii, 97 pages ;
|c 24 cm.
|
| 500 |
|
|
|a Three economic bubbles
|
| 526 |
|
|
|a BBS
|
| 541 |
|
|
|a Karim International
|e 36398
|
| 650 |
|
0 |
|a Impostors and imposture.
|9 36167
|
| 650 |
|
0 |
|a Swindlers and swindling.
|9 36168
|
| 650 |
|
0 |
|a Occultism
|x Early works to 1900.
|9 36169
|
| 650 |
|
0 |
|a Delusions.
|9 36170
|
| 650 |
|
0 |
|a Social psychology.
|9 36171
|
| 650 |
|
0 |
|a Business & finance
|9 43295
|
| 852 |
|
|
|a Ayesha Abed Library
|c General Stacks
|
| 942 |
|
|
|2 ddc
|c BK
|
| 952 |
|
|
|0 0
|1 0
|2 ddc
|4 0
|6 001_900000000000000_MAC
|7 0
|9 66808
|a BRACUL
|b BRACUL
|c GEN
|d 2019-10-17
|e Karim International
|g 730.00
|l 3
|m 1
|o 001.9 MAC
|p 3010036398
|r 2025-12-15
|s 2025-12-11
|t 1
|v 730.00
|w 2019-10-17
|y BK
|